[Event "email TT-74 FICGS (Sternik,R)"]
[Site "?"]
[Date "2009.??.??"]
[Round "?"]
[White "Andreoni, Mario ITA"]
[Black "Sternik, Ryszard POL"]
[Result "0-1"]
[WhiteElo "1800"]
[BlackElo "1817"]
[PlyCount "68"]

1. e4 d5 2. exd5 Nf6 3. d4 Nxd5 4. c4 Nb6 5. Nf3 g6 (5... Bg4 6. Be2 e6 7. h3
Bh5 8. Nc3 Nc6 9. O-O Bxf3 10. Bxf3 Nxd4 11. Bxb7 Rb8 12. Be4 f5 13. Be3 c5 14.
Bxd4 cxd4 15. Bc6+ Kf7 16. Ne2 Bc5 17. Nf4 Qd6 18. Qf3 Nxc4 19. Rfe1 Ne5 20.
Qe2 Nxc6 21. Nxe6 Rhe8 22. Ng5+ Kg6 {0:1 - Benda,A-Simacek,P, Czechy ch 1994})
6. h3 Bg7 7. Nc3 O-O 8. Be3 Nc6 (8... Bf5 9. Bd3 Bxd3 10. Qxd3 e6 11. O-O Nc6
12. Rfd1 h6 13. Rac1 Kh7 14. a3 Rc8 15. b4 Ne7 16. Bf4 a6 17. Be5 Nf5 18. Ne4
Qe7 19. Qc3 Nd7 20. Bxg7 Nxg7 21. Ne5 Nxe5 22. dxe5 Rcd8 {
Baranczikowa,T-Pogonina,N, Rosja ch cadets 1998 (remis-48)}) 9. Qd2 e5 10. d5
Na5 11. b3 e4 12. Ng5 (12. Nd4 c5 13. dxc6 Nxc6 14. Rd1 Qe7 15. Be2 f5 16. g3
Nxd4 17. Bxd4 Rd8 18. Qe3 Bxd4 19. Rxd4 Be6 20. Rxd8+ Rxd8 21. O-O Nc8 22. f3
f4 23. Qxf4 Bxh3 24. Rd1 Rxd1+ 25. Nxd1 exf3 26. Bxf3 Qe1+ 27. Kh2 Be6 {
Janowski,S-Sapis,W, MK Cafe Cup A 1998 (remis-52)}) 12... f5 13. Rc1 (13. Rd1
$1 h6 14. Ngxe4 $1 fxe4 15. Nb1 Naxc4 16. bxc4 Qf6 17. Be2 Nd7 18. O-O Qh4 19.
f4 $8 exf3 20. Rxf3 Rxf3 21. Bxf3 Ne5 22. Be2 Nxc4 23. Bxc4 Qxc4 24. Bxh6 Bxh6
25. Qxh6 Qc5+ 26. Kh1 Bf5 {Raty,S-Puszkin,A, corr Baltic Sea 5 1986 (1:0-49)})
13... h6 14. Ngxe4 (14. Ne6 Bxe6 15. dxe6 Qxd2+ 16. Bxd2 c5 17. e7 Rf7 18. Nb5
Nc6 19. Nc7 Rxe7 20. Nxa8 Nxa8 21. g4 Nc7 22. gxf5 gxf5 23. Rg1 Kh7 24. Be2 Ne6
25. Kf1 Bf6 26. Rd1 Ncd4 27. Bh5 Bg5 {
Nataf,I-Boric,M, Europa Cup Club 1997 (0:1-54)}) 14... fxe4 15. Nd1 (15. Nxe4
Re8 16. Bd3 Qh4 17. g3 Qh5 18. Be2 Qe5 19. Nc5 c6 20. Qxa5 cxd5 21. O-O Bxh3
22. Rfe1 Qf5 $11) (15. Be2 $2 {aby zrobic roszade} c6 16. Bxh6 Qh4 17. Be3 cxd5
18. cxd5 Rf5 $17) 15... c6 (15... Naxc4 16. bxc4 Kh7 17. Nc3 Re8 18. Be2 c6 19.
dxc6 Qxd2+ 20. Kxd2 bxc6 $11) 16. Qxa5 cxd5 17. Bc5 d4 18. Bxf8 Qxf8 19. c5 Nd7
(19... Nd5 20. c6 Qf7 21. cxb7 Bxb7 22. Bc4 Rf8 23. O-O Kh7 $11) 20. c6 Ne5 21.
cxb7 Bxb7 22. Rc7 Rb8 23. Qb5 a6 24. Qb6 Qd8 25. Qc5 (25. Qe6+ Kh8 26. Qe7 Qxe7
27. Rxe7 Kg8 28. Nb2 Bf6 $11) 25... Bf6 {
skrzydlo krolewskie bialych nie rozwiniete, cos trzeba z tym zrobic} 26. Bc4+
$6 (26. Be2 d3 (26... h5 27. Bc4+ Nxc4 28. Qxc4+ Bd5 29. Qc1 Be5 $11) 27. Bg4
d2+ (27... e3 28. Nxe3 d2+ 29. Kd1 Nd3 30. Qc4+ Kh8 31. Rd7 Nb2+ 32. Ke2 Nxc4
33. Rxd8+ Rxd8 34. bxc4 $14) 28. Kf1 e3 29. fxe3 Qd3+ 30. Kg1 Qe4 31. Rxb7 Rxb7
32. Bc8 Rf7 $13 {i Wieza poza gra, ale pozycja jest ciekawa}) 26... Nxc4 27.
Qxc4+ Bd5 28. Qc5 Be5 {i biale maja klopoty} 29. Ra7 (29. Re7 $6 Rc8 30. Re8+
Qxe8 31. Qxd5+ Kh7 32. Qxe4 Qb5 $17) 29... Rc8 30. Qe7 $6 (30. Qa3 e3 {
tylko atak} 31. Qxa6 exf2+ 32. Nxf2 Rc1+ 33. Ke2 Rc6 $17) 30... Qxe7 31. Rxe7
Bd6 32. Rd7 Bb4+ 33. Kf1 Rc1 34. Ke2 Rc2+ {Wyniki:  1-2.d"Ettore,R   VEN  5,5 
Sternik                        5,5  3.Andreoni,M ITA       4} 0-1

[Event "email B-039 FICGS (Sternik,R)"]
[Site "?"]
[Date "2007.??.??"]
[Round "?"]
[White "Castillo, German VEN"]
[Black "Sternik, Ryszard POL"]
[Result "0-1"]
[WhiteElo "1826"]
[BlackElo "1902"]
[PlyCount "64"]
[EventDate "1905.??.??"]

1. e4 e5 2. Nf3 Nc6 3. Bb5 a6 4. Ba4 Nf6 5. O-O Nxe4 6. d4 b5 7. Bb3 d5 8. dxe5
Be6 9. c3 Bc5 10. Nbd2 O-O 11. Bc2 Bf5 (11... Nxf2 {
to jest dobre w grze bezposredniej, w turnieju email nie ma sensu ryzykowac}
12. Rxf2 f6 13. exf6 Qxf6 (13... Bxf2+ 14. Kxf2 Qxf6 15. Kg1 Rae8 16. a4 Ne5
17. axb5 axb5 18. h3 Bxh3 19. gxh3 Nxf3+ 20. Nxf3 Qxf3 21. Qxf3 Rxf3 22. Kg2
Ref8 23. Bd1 Rf2+ 24. Kg3 Rf1 {Pajzanski,A-Sternik,R, email B-135 FICGS 2009
(1:0-35). Partner przyznal sie, ze ma Fritz 12, wiec wadomo....}) 14. Nf1 Ne5
15. Be3 Rae8 16. Bxc5 Rf7 17. N1d2 Bg4 18. Kh1 c6 19. a4 Qh6 20. axb5 cxb5 21.
Qf1 Qh5 {Szczepankiewicz,W-Catozzi,M, email H-031 2000 (1:0-34)}) 12. Nb3 Bg6
13. Nfd4 Bxd4 14. cxd4 a5 15. Be3 a4 16. Nd2 (16. Nc1 a3 17. b3 f6 18. exf6
Qxf6 19. Ne2 Nb4 20. Bb1 Qe7 21. Re1 $1 $146 Nxf2 $8 22. Bxf2 Bxb1 23. Rxb1
Rxf2 24. Kxf2 Rf8+ 25. Nf4 $8 Rxf4+ 26. Kg1 Re4 $1 27. Qd2 Nd3 $8 28. Rf1 $5
Rxd4 29. Rf3 Nf4 {Short,N-Timman,J, Dubai ol 1996 (remis-37)}) 16... a3 17.
Nxe4 axb2 18. Rb1 Bxe4 19. Rxb2 Qd7 20. Bd3 Bxd3 21. Qxd3 Rfb8 22. Qb1 (22.
Rfb1 b4 23. Rc1 h6 24. h3 Rb6 25. Qb1 Qe6 26. Rc5 Ra4 27. Qc2 Rba6 28. Qb3 R4a5
29. Rc1 Ra3 30. Qc2 Rb3 $4 {niesamowite podstawienie Wiezy} (30... Rc3 {
chyba to mial na mysli, z rowna gra}) 31. axb3 Rb6 32. Ra2 g5 33. Qd3 Nb8 34.
Rxc7 {1:0 - Vasquez,R-Golod,W, Dos Hermanas 2002. Az dotad teoria!}) 22... Na5
23. a4 {[%emt 0:00:00]} c6 24. axb5 cxb5 25. Re1 Nc4 26. Rb3 (26. Rb4 Ra5 27.
Bg5 h6 28. Bf4 Qg4 29. g3 Rb6 30. Kg2 $11) 26... Ra5 27. Bg5 Rb6 (27... h6 28.
Be3 Rb6 29. h3 Ra4 $11) 28. Rg3 Rg6 29. f4 Qa7 30. f5 Qxd4+ 31. Kh1 Rxg5 32.
Rxg5 h6 $11 {niedoczas  Wyniki:  1.Whitman,R  1971  6  z 6 USA  2.Sternik,R   
5  3.Castillo.G              4} 0-1

[Event "email TT-49 FICGS (Sternik,R)"]
[Site "corr"]
[Date "2008.??.??"]
[Round "?"]
[White "Deluchey, Jean Philippe FRA"]
[Black "Sternik, Ryszard POL"]
[Result "1/2-1/2"]
[WhiteElo "1700"]
[BlackElo "1878"]
[PlyCount "136"]
[EventDate "1969.??.??"]

1. c4 Nf6 2. b4 e6 3. a3 d5 4. e3 a5 5. b5 Nbd7 (5... Be7 6. Nf3 O-O 7. Nc3
Nbd7 8. cxd5 exd5 9. Bb2 Nc5 10. Be2 Bf5 11. d3 a4 12. O-O c6 13. bxc6 bxc6 14.
Nd4 Bd7 15. Qc2 Qa5 16. Rad1 Rab8 17. Nf3 Rb7 18. Rb1 Rfb8 19. d4 Nb3 20. Ne5
Be8 21. Bf3 Qa6 22. Rfe1 Nd7 {Sternik,R-Cridland,G, USA 1438, 2008 (1:0-38)})
6. d4 dxc4 7. Bxc4 Bd6 8. Nf3 O-O 9. Nc3 (9. Bb2 Qe7 10. Qc2 e5 11. O-O e4 12.
Nfd2 Bxh2+ 13. Kxh2 Ng4+ 14. Kg3 Ndf6 15. Rh1 Qd6+ 16. f4 exf3+ 17. Kxf3 Nxe3
18. Ne4 Bg4+ 19. Kxe3 Nxe4 20. Qxe4 Rae8 {
0:1 - Parmet,D 1641-Sternik,R, email TT 49 FICGS 2008}) 9... e5 10. Qc2 exd4
11. Nxd4 Ne5 12. Be2 Re8 13. Bb2 c5 14. bxc6 bxc6 15. O-O Bd7 (15... Rb8 16.
Rab1 Bd7 17. Rfd1 Qe7 18. Nf5 Bxf5 19. Qxf5 Rb3 $11) 16. Rfd1 Rb8 17. Rd2 Qe7
18. Nf5 Bxf5 19. Qxf5 g6 20. Qg5 Rb3 (20... Ned7 21. Bf3 Ne5 22. Be2 $11) (
20... Rb7 21. a4 Neg4 22. Bxg4 Qe5 23. Qxe5 Bxe5 24. f4 Rxb2 25. fxe5 Rxd2 26.
exf6 Rxe3 27. Rc1 h6 $11) 21. Nd1 Ne4 22. Qxe7 Bxe7 23. Rd4 Nc5 24. Rd2 Bf6 25.
f4 Ned7 26. Bxf6 Nxf6 27. Rd6 Re6 (27... Rb6 $6 28. Rxf6 Ne4 29. Rxc6 Rxc6 30.
Bb5 $14) 28. Rd8+ Re8 29. Rxe8+ Nxe8 30. Bf3 f5 31. Bxc6 Nf6 32. Rc1 Nce4 33.
a4 Kf8 (33... h6 34. Kf1 Kf7 35. Ke2 Ra3 36. Rb1 Ke7 37. Rb6 Kd8 38. Rb7 Kc8
$11 {i znowu rownowaga. Partner ma 1700 i ladnie sie broni, widac, ze ma dobry
program}) 34. Kf1 Ra3 35. Rc2 Ke7 36. h3 h5 37. Ke2 h4 38. Kf3 Ke6 39. Bb5 Nd5
40. Rc6+ Ke7 41. Rxg6 Ra2 42. Rc6 $2 (42. Ra6 Rd2 43. Ra7+ Kd6 44. Ra6+ Kc5 45.
Rc6+ Kb4 46. Rc4+ Kb3 $11) 42... Rd2 43. Rc1 Nb4 44. Be2 Ke6 $6 {
tym posunieciem stracilem szanse na wygrana} (44... Kf6 45. Rc4 Nc2 46. Rxe4 {
niestety - jedyne!} fxe4+ 47. Kf2 Nb4 48. Ke1 Rc2 $17) 45. Bc4+ Kf6 46. Be2 Kg6
$17 47. Rc4 $5 (47. Rc7 Nc2 48. Rc6+ Kh5 49. Rxc2 Rxc2 50. Bd3 Rd2 51. Bxe4
fxe4+ 52. Kxe4 Rxd1 {i wygrywa}) 47... Nc2 (47... Ng3 48. Nc3 Rc2 49. Bd1 Rc1
50. Be2 Rc2 51. Bd1 $11) 48. Rxe4 {jedyne} fxe4+ 49. Kf2 Nb4 $17 {Fritz 8 pokaz
uje przewage, ale sytuacja na szachownicy jest remisowa - programy szachowe
inaczej to wszystko obliczaja} 50. Ke1 Rd5 (50... Rc2 {czyzby to bylo lepsze?}
51. Nf2 Nd5 52. Nxe4 Nxe3 53. g4 hxg3 54. Nxg3 Ng2+ 55. Kd1 Ra2 56. f5+ Kf6 57.
Ne4+ Kxf5 58. Nc3 Ne3+ 59. Ke1 Ra1+ 60. Kd2 Kf4 61. Bb5 Nf5 {
nie daje nadziei na wygranie} 62. Be2 Rh1 63. Bg4 Nh6 64. Ne2+ Ke5 65. Bd7 Rh2
66. Kd3 Nf5 67. Bxf5 Kxf5 68. Nd4+ Kf6 69. Kc4 Rxh3 70. Kb5 Rh5+ 71. Ka6 Rh4
72. Nc6 Rxa4 73. Kb5 Ra1 74. Nxa5 {i mozliwa teoretyczna wygrana}) 51. Bb5 Nc2+
52. Ke2 Rxd1 53. Kxd1 Nxe3+ 54. Kd2 Nxg2 55. Bd7 Nxf4 56. Ke3 Nd3 57. Bg4 Nc5
58. Kd4 Nxa4 59. Kxe4 Nb6 60. Kd4 a4 61. Kc3 Nd5+ 62. Kb2 Kg5 63. Bd7 Kf4 (
63... Nb6 64. Be6 Kf4 65. Ka3 Kg3 66. Kb4) 64. Bxa4 Kg3 65. Bd7 Nf4 66. Kc3
Nxh3 67. Kd4 Ng5 68. Ke5 Nf7+ {Wyniki:  1.Deluchey,JP                      5,5
z 6  2.Trokenheim,M SWE 1800 5  3.Sternik,R                            4,5}
1/2-1/2

[Event "email B-105 FICGS (Sternik,R)"]
[Site "?"]
[Date "2008.01.??"]
[Round "?"]
[White "Faust, Dieter GER"]
[Black "Sternik, Ryszard POL"]
[Result "*"]
[WhiteElo "1727"]
[BlackElo "1778"]
[PlyCount "54"]
[EventDate "2009.07.23"]

1. e4 e5 2. Nf3 Nc6 3. d4 exd4 4. Nxd4 Bc5 5. Nxc6 Qf6 6. Qd2 (6. Qf3 dxc6 7.
Bd3 Qxf3 8. gxf3 Nf6 9. Rg1 O-O 10. Bh6 Ng4 11. fxg4 gxh6 12. Rg2 Be6 13. f4 f6
14. Nc3 Kh8 15. Rd1 Rad8 16. a3 Rg8 17. f5 Bf7 18. h4 h5 19. g5 fxg5 20. hxg5
Bd6 21. Ke2 h4 22. Rh1 Be7 23. Kf2 Bxg5 24. e5 Be3+ 25. Kf3 Bh5+ 26. Kxe3 Rxg2
27. Rxh4 Re2+ 28. Nxe2 Bxe2 29. Bxe2 b5 30. f6 {
1:0 - Buchmann,HP-Duennebell,A, email DESC VS023 2001}) (6. f3 dxc6 7. Nc3 Be6
8. Bd2 Rd8 9. Qe2 Bd4 10. f4 b5 11. e5 Qf5 12. O-O-O Bxc3 13. Bxc3 Qxf4+ 14.
Kb1 Rxd1+ 15. Qxd1 Ne7 16. g3 Qa4 17. b3 Qa6 18. Bd3 Nd5 19. Qd2 O-O 20. Bb2
Rb8 21. h4 c5 22. Be4 c6 23. Rd1 Qb6 {
Alejandro,Liz-Esplana,Estefany, Peru chw Lima 2002 (0:1-37)}) 6... dxc6 7. Nc3
(7. Bd3 Be6 8. O-O O-O-O 9. Nc3 Nh6 10. Qf4 Ng4 11. h3 Ne5 12. Qxf6 gxf6 13.
Rd1 Rhg8 14. Kf1 Nxd3 15. cxd3 Rxd3 16. Rxd3 Bc4 17. Ke2 Rd8 18. Bh6 Rxd3 19.
Ke1 Bd4 20. Nd1 b5 21. Be3 c5 22. Bxd4 Rxd4 23. f3 Kd7 24. Ne3 Be6 25. a3 a5 {
0:1 - Varga,Zo-Tkacziew,W, Chorwacja ch tt Rabac 2004}) 7... Bd4 (7... Ne7 8.
Qf4 Qd6 9. Be3 Bb4 10. Rd1 Qxf4 11. Bxf4 Be6 12. a3 Bxc3+ 13. bxc3 Rc8 14. a4
Ng6 15. Bg3 O-O 16. Rb1 b6 17. Ba6 Rce8 18. O-O Bc8 19. Bxc8 Rxc8 20. Rfd1 Rfe8
21. f3 h5 22. h4 Nf8 23. a5 Ne6 24. a6 Kf8 25. Kh2 Ke7 26. Bf2 Red8 {
Agopow,M-Solozenkin,E, Rosja Liga 2002 (1:0-56)}) 8. Bd3 Ne7 9. O-O Ng6 10. Kh1
(10. Ne2 Bb6 11. Ng3 Ne5 12. Be2 O-O 13. Qc3 Re8 14. Be3 Ng4 15. Qxf6 Nxf6 16.
Bxb6 axb6 17. f3 h5 18. Rfd1 h4 19. Nf1 b5 20. a3 Nd7 21. Ne3 Nc5 22. c4 bxc4
23. Bxc4 g6 24. Rac1 Be6 {
Rublewski,S-Akopian,W, Rosja ch tt Dagomys 2004 (0:1-48)}) 10... Ne5 11. f4 $6
(11. Be2 Ng4 12. Nd1 O-O 13. Qf4 Qg6 14. Bxg4 Qxg4 15. f3 Qxf4 16. Bxf4 f5 $11
{Rublewski,S-Tkacziew,W, blitz 2000}) 11... Ng4 (11... Nxd3 $6 12. Qxd3 $1 Bxc3
13. bxc3 O-O 14. f5 $40 {Postny}) 12. h3 (12. Qe1 Nxh2 $1 13. Kxh2 Qh6+ 14. Kg3
Qg6+ 15. Kh2 Qh5+ 16. Kg3 g5 $4 (16... Qg6+ $11) 17. f5 Be5+ 18. Kf2 Qh4+ 19.
Ke2 Bg3 20. Qd1 Qg4+ 21. Rf3 Bxf5 22. exf5 O-O-O {
Ni Hua-Krasenkow,M, Tan Chin Nam Cup 7 2001 (1:0-44)}) 12... Qh4 $15 13. Ne2
Nf2+ (13... Bc5 14. f5 Nf2+ 15. Kh2 O-O 16. Qg5 $11) 14. Kh2 Bc5 15. f5 O-O 16.
Qg5 Qxg5 17. Bxg5 Re8 18. Rae1 Nxe4 19. Ng3 Nd6 20. Be7 Bd7 21. f6 g6 22. h4
Bb6 23. h5 Nc8 24. hxg6 hxg6 25. Bc4 Nd6 26. Bd3 Nc8 27. Bc4 Nd6 {Wyniki  1.Win
go,M GER                      6 z 6  1800  2-3.Faust,D GER i Sternik po 4} *

[Event "email B-124 FICGS (Sternik,R)"]
[Site "?"]
[Date "1969.??.??"]
[Round "?"]
[White "Gensabella, Paolo ITA"]
[Black "Sternik, Ryszard POL"]
[Result "1-0"]
[WhiteElo "1837"]
[BlackElo "1817"]
[Annotator ",L"]
[PlyCount "74"]
[EventDate "1972.??.??"]

1. d4 Nf6 2. c4 c5 3. Nf3 cxd4 4. Nxd4 e5 5. Nb5 d5 6. cxd5 Bc5 7. N1c3 (7.
N5c3 O-O 8. e3 e4 9. Nd2 Qe7 10. a3 Rd8 11. b4 Bd6 12. Bb2 Be5 13. Qc2 Bf5 14.
Bc4 Nbd7 15. O-O Bxh2+ 16. Kxh2 Ng4+ 17. Kg1 Qh4 18. Rfe1 Qxf2+ 19. Kh1 Nde5 {
0:1 - Uhoda,P-Reynolds,BTW, corr Czechoslowacja-Anglia 1990}) 7... O-O 8. e4 $6
(8. g3 Bd7 9. Na3 b5 10. Nc2 b4 11. Nb1 Qb6 12. Be3 Nxd5 13. Bxc5 Qxc5 14. Bg2
Be6 15. a3 Nc6 16. axb4 Ncxb4 17. Nxb4 Qxb4+ 18. Qd2 Rab8 19. Qxb4 Nxb4 20. O-O
Na2 21. b3 Bxb3 22. Nd2 Be6 {
Robatsch,K-Ryczagow,M, Europa ch tt OST-EST - Debrecen 1992 (1:0-60)}) 8... a6
$15 {0.60} 9. Na3 Ng4 10. Be3 Nxe3 11. fxe3 Bxe3 12. Qf3 Bd4 13. O-O-O Nd7 $17
{1.00} 14. Nc2 Nf6 15. Re1 $6 (15. Nxd4 Bg4 16. Qg3 Bxd1 17. Nf5 Bg4 18. Nxg7
Kh8 $17 {1.38}) 15... Bg4 $19 {1.69} 16. Qg3 Rc8 17. Kb1 Qb6 (17... Qa5 18. b4
Qb6 19. Na4 Qd6 20. Nxd4 Qxb4+ $19 {1.94}) (17... Bh5 18. Qd3 Bxc3 19. bxc3
Qb6+ 20. Ka1 Ng4 $19 {i wygrywa}) 18. Nxd4 exd4 19. Na4 Qb4 20. b3 Qd2 (20...
Rfe8 21. Bd3 Bd7 22. Nb2 $17 {1.15}) 21. Bd3 h5 22. Ref1 $2 (22. Nb2 Rc3 23.
Ka1 Rfc8 24. h3 Be2 25. Qf2 Rxd3 26. Nxd3 Rc2 $19) 22... h4 23. Rf2 Be2 24.
Rxe2 Qxe2 25. Qf3 Qe3 26. Qxe3 dxe3 {reszta nie wymaga komentarzy} 27. Re1 b5
28. Nb2 Rfe8 29. Rxe3 Nxd5 30. Rh3 Nc3+ 31. Ka1 Nxe4 32. a4 Rc1+ 33. Ka2 Nc3+
34. Ka3 b4+ 35. Kxb4 Nd5+ 36. Ka5 Rc5+ 37. Kxa6 Re6+ {Wyniki:  1.Clement,G USA
5,5 z 6  1800  2-3.Lipsits,S USA   4           1795  Sternik,R                
4  Z Clementem mam 0:5, przyznal sie, ze ma Fritz 12.} 1-0

[Event "email TT-055 FIGCS (Sternik,R)"]
[Site "?"]
[Date "2008.??.??"]
[Round "?"]
[White "Hase, Pavel CZE"]
[Black "Sternik, Ryszard POL"]
[Result "1-0"]
[WhiteElo "2092"]
[BlackElo "1811"]
[PlyCount "87"]

1. e4 Nf6 2. e5 Nd5 3. d4 d6 4. Nf3 g6 5. Bc4 Nb6 6. Bb3 Bg7 7. O-O Nc6 8. Ng5
(8. exd6 exd6 9. c3 O-O 10. Re1 Bf5 11. Bg5 h6 12. Be3 Na5 13. Nbd2 Nxb3 14.
axb3 Bg4 15. h3 Bxf3 16. Qxf3 d5 17. Bf4 c6 18. Qe3 Kh7 19. Nf3 Nc8 20. Be5 Nd6
21. Bxd6 Qxd6 22. Ne5 Bxe5 23. Qxe5 Qxe5 24. Rxe5 Rfc8 {
Emms,J-Etchegaray,P, Capelle le Grande 1994 (1:0-54)}) 8... e6 9. f4 dxe5 10.
dxe5 Qd4+ 11. Kh1 h6 12. Nf3 Qxd1 13. Rxd1 Na5 (13... a5 14. a4 Bf8 15. Be3 Nd7
16. Nc3 Bc5 17. Nd4 Nb4 18. Ne4 Nd5 19. Bxd5 exd5 20. Nxc5 Nxc5 21. Nb5 Ne6 22.
Rxd5 Bd7 23. Rd2 Bc6 24. Kg1 Rd8 {
Rausis,I-Santo-Roman,M, Cannes op 1990 (1:0-41)}) 14. Na3 Bd7 15. Be3 Nxb3 16.
axb3 Nd5 17. Bd2 a6 18. c4 Ne7 19. Nc2 Nf5 20. Kg1 (20. Ne3 O-O-O 21. Nxf5 exf5
22. Bc3 Be6 23. Nd4 Rhe8 $11) 20... Bc6 21. Ncd4 Be4 22. Re1 Bxf3 23. Nxf3
O-O-O ({albo} 23... Rd8 24. Kf2 Bf8 25. Red1 Bc5+ 26. Ke2 Nd4+ 27. Nxd4 Rxd4
$11) 24. Bc3 Rd3 25. Kf2 Bf8 26. b4 c5 27. b5 axb5 28. cxb5 (28. g4 Ne7 29. Ra5
b4 30. Bd2 Nc6 $11) 28... Kb8 {i teraz zaczynaja sie male klopoty} (28... Kc7
29. Ba5+ Kd7 30. Bb6 Ne7 31. Bxc5 Nd5 32. Bxf8 Rxf8 33. Ra7 Kc7 34. g3 $11) 29.
Re4 Kc7 $14 {0.50} (29... Be7 30. Ke2 Rd5 31. g4 Nh4 32. b6 $14 {0.60}) 30. Ke2
Rd8 31. Ba5+ b6 32. Bc3 Rb8 (32... Rb8) 33. Rea4 Ne7 34. Nd2 Nd5 35. Nc4 Nxf4+
36. Kf3 (36. Kd2 Nd5 37. Ra7+ Rb7 38. Nd6 Rxa7 39. Rxa7+ Kb8 40. Rb7+ Ka8 41.
Rxf7 $11) 36... Nd5 $11 37. Nd6 {i teraz niespodziewanie Fritz 8 pokazuje +/- 
Tak to jest, gdy sie slepo slucha programu szachowemu. Teraz nastepuje
zalamanie sie obrony} Bxd6 38. Ra7+ Kc8 (38... Rb7 $4 39. exd6+ Kxd6 40. Rxb7)
39. exd6 f6 40. Rf7 Rd8 41. Bxf6 (41. Bxf6 Rd7 42. Be7) 41... Rd7 42. Be7 Kb7
43. Ke4 Nb4 44. Raf1 {Wyniki:  1.Hase,P CZE     5,5  2092  2.Sternik,R        
5     1811  3.d'Ettore,R VEN 4,5  1895} 1-0

[Event "email TSC15-16 (Sternik,R)"]
[Site "ETC"]
[Date "2005.04.17"]
[Round "?"]
[White "Herrchen, Ralf GER"]
[Black "Sternik, Ryszard"]
[Result "0-1"]
[WhiteElo "1865"]
[BlackElo "1980"]
[PlyCount "95"]
[EventDate "2005.??.??"]

{Zaproszenie do turnieju przyslali mi Niemcy, po serii moich artykulow
teoretycznych w "Gambit-Revue".} 1. e4 c5 2. Nf3 Nc6 3. d4 cxd4 4. Nxd4 Nf6 5.
Nc3 e5 6. Ndb5 d6 7. Nd5 Nxd5 8. exd5 Nb8 ({druga odpowiedzia jest} 8... Ne7 9.
c3 Nf5 10. a4 Be7 11. Bd3 O-O 12. O-O Nh4 13. f4 a6 14. Na3 exf4 15. Bxf4 Ng6
16. Bxg6 $1 hxg6 17. Nc4 Qc7 $5 $146 18. Qb3 $6 (18. b3 $1) 18... Qc5+ 19. Kh1
Qxd5 20. Rad1 Qc6 21. Nxd6 Bh3 $1 {
Apicella,M-Gagarin,M, Bucuresti 1993 (remis-64)}) 9. Qf3 a6 10. Qa3 Be7 11. Bg5
(11. f4 O-O 12. fxe5 axb5 13. Qxa8 Na6 14. Be3 Nb4 15. Bd3 Nxd5 16. Qa7 dxe5
17. O-O Qc7 18. Kh1 Qc6 19. Rae1 f5 20. c3 Bh4 21. Re2 b6 22. Bf2 Bg5 23. Bg3
Bf4 {Zawadzka,M-Jurkiewicz,K, Polska chw U-20 1998 (0:1-50)}) 11... f6 12. Bd2
O-O (12... a5 13. Qc3 Na6 14. Qxa5 b6 15. Qa4 O-O 16. c4 Bf5 17. Qd1 Qe8 18. b4
Qg6 19. Qb3 Bd7 20. Qg3 Qf7 21. Be2 f5 22. O-O f4 23. Qf3 Kh8 24. a4 g5 25. Qh5
Qg7 {Iordachescu,V-Genocchio,D, Lido Estensi op 2002 (1:0-38)}) 13. Bb4 (13.
Ba5 b6 14. Bb4 Qd7 15. Bd2 Bb7 16. Nc3 Qc7 17. Qb4 Nd7 18. a4 Rac8 19. Qh4 Nc5
20. Qh5 f5 21. g4 Ne4 22. gxf5 Nxd2 23. Kxd2 Qc5 24. Bd3 Qxf2+ 25. Ne2 Bf6 {
Wallner,J-Sadilek,M, Austria ch - Hartberg 2004 (0:1-35)}) 13... Qd7 14. O-O-O
Rd8 (14... b6 15. h4 Rd8 16. Bd2 Qb7 17. Nc3 b5 18. Qb4 Bd7 19. Qb3 f5 20. f4
Be8 21. Ne2 Nd7 22. Be3 Bf6 23. h5 Nc5 24. Bxc5 dxc5 25. g4 c4 26. Qh3 Rxd5 27.
Bg2 e4 28. h6 Rad8 {Adams,Mark-Sakic,R, CL1-2004.05.19 2004 (1:0-48)}) 15. Bd2
b6 16. f4 $6 (16. h4 {podtrzymywalo przewage} Bb7 17. Nc3 f5 18. h5 Qc7 19. Bd3
e4 20. Be2) 16... Qb7 17. Nc3 f5 18. g4 $5 fxg4 19. h3 g3 (19... b5 20. Qb4 g3
21. Rg1 Bf5 22. Rxg3 {z mala pzewaga bialych}) 20. fxe5 $6 (20. Bg2 {
silniejsze bylo} Nd7 21. Ne4 Qc7 22. Qxg3 Rf8 {z przewaga bialych}) 20... dxe5
21. Qb3 Be6 (21... Kh8 $2 22. Bg2 Ra7 23. Be3 Bc5 24. Ne4 {z duza przewaga})
22. Bg2 Bf7 23. Rhf1 Bh4 24. d6 $2 {niespodziewanie slabe posuniecie} (24. Qc4
Bf6 25. Ne4 Qc8 26. Nxf6+ gxf6 27. Qh4 Bg6 $16 {z przewaga bialych}) 24... Bxb3
25. Bxb7 Ra7 26. axb3 $6 ({lepsze} 26. Bg2 Bc4 27. Rfe1 Rxd6 28. Rxe5 Re6 {
z rowna gra}) 26... Rxb7 27. Ne4 Rf7 $6 (27... Nd7 $1 28. Be1 Nf6 29. Nxg3 Bg5+
30. Bd2 {z mala przewaga}) 28. Rg1 Nc6 29. Be3 Rf4 $1 30. Bxf4 exf4 {
dwa wolne piony - to sila} 31. Rdf1 g5 32. Rd1 $6 (32. Kd2 $1 {
Krol wchodzi do walki}) 32... Kf7 33. Rd5 (33. b4 $6 Ne5 $1 34. Rdf1 Ke6 35.
Rg2 Nc4 36. Re2 {z wygrana}) 33... Ke6 34. c4 {Goniec czarnych nie gra! i
praktycznie biale maja Wieze wiecej, ale falanga pionowa to rownowazy} Nb4 35.
Nc5+ $2 (35. Nxg5+ Bxg5 36. Rxg5 Rxd6 37. Rg7 Nd3+ {tez czarne powinny wygrac})
35... Kf7 36. Rdd1 $2 {
moj partner zupelnie sie pogubil, reszta nie wymaga komentarzy} g4 37. hxg4 $2
f3 38. Ne4 g2 39. Kd2 Kg6 (39... Ke6 {bylo silniejsze}) 40. Ke3 Rf8 41. d7 f2
42. Rxg2 f1=Q 43. Rxf1 Rxf1 44. Rd2 Re1+ 45. Kf3 Bd8 46. Nc5 Kf7 47. Rh2 Kg7
48. Rd2 {Sytuacja przed zlikwidowaniem klubu.  1.Woelferschneider   11,5 z 14 
2.Coche                     10,5 z 14  3.Sternik                     10   z 14
4.Janzen                     10 z   13  5.Baer                          9,5 z
13  Przegralem tylko ze zwyciezca turnieju.} 0-1